| 000 | 01089 a2200361 4500 | ||
|---|---|---|---|
| 999 |
_c200427966 _d45890 |
||
| 001 | 68613 | ||
| 003 | TR-AnTOB | ||
| 005 | 20191104110801.0 | ||
| 008 | 080314s1990 maua b 001 0 eng | ||
| 010 | _a2003059968 | ||
| 020 | _a0071006966 | ||
| 040 |
_aDLC _cDLC _dDLC _dTR-AnTOB _beng _erda |
||
| 041 | _aeng | ||
| 050 | 0 |
_aHB172.5 _b.D67 1990 |
|
| 090 | _aHB172.5 .D67 1990 | ||
| 100 |
_aDornbusch, Rudiger _916514 |
||
| 245 | 0 |
_aMacroeconomics / _cRudiger Dornbusch,Stanley Fischer, Richard Startz. |
|
| 250 | _a5th ed. | ||
| 264 | 1 |
_aBoston : _bMcGraw-Hill/Irwin, _c1990. |
|
| 300 |
_axv, 828 pages : _bill. (chiefly col.) ; _c24 cm. |
||
| 336 |
_2rdacontent _atext _btxt |
||
| 337 |
_2rdamedia _aunmediated _bn |
||
| 338 |
_2rdacarrier _avolume _bnc |
||
| 504 | _aIncludes bibliographical references and index. | ||
| 650 |
_aMacroeconomics _9421 |
||
| 700 |
_aStartz, Richard, _d1952- _9575 |
||
| 700 |
_aFischer, Stanley _916515 |
||
| 902 | _a0023306 | ||
| 942 |
_cBK _2lcc |
||